| 000 | 00655nam a2200205 a 4500 | ||
|---|---|---|---|
| 001 | 001035091 | ||
| 003 | AM-YeHGA | ||
| 005 | 20250618075506.0 | ||
| 008 | 140827s1953 ru ||||| |||| 00| 0 rus d | ||
| 040 | _aAM-YeHGA | ||
| 041 | 0 | _arus | |
| 100 | 1 |
_aՀյուգո, Վիկտոր, _d1802-1885 _95858 |
|
| 245 | 1 | 0 |
_aВозмездие / _cГюго Виктор; Пер. с франц. Г. Шенгели. |
| 260 |
_aМосква : _bГослитиздат, _c1953. |
||
| 300 |
_a211 с. : _bил. ; _c27 см. |
||
| 650 | 1 | 4 | _aФранцузcкая литература |
| 700 | 1 |
_aШенгели, Г _eпер. _4trl |
|
| 942 |
_2udc _cBK |
||
| 090 | _c472141 | ||
| 999 |
_c468897 _d468897 |
||